Every Song by Drowning Pool - Statistics

General Stats
  • This quiz has been taken 14 times
  • The average score is 36 of 93
Answer Stats
Album Song % Correct
Sinner(2001) Bodies
100%
Full Circle(2007) Full Circle
91%
Sinner(2001) Sinner
91%
Sinner(2001) Tear Away
73%
Strike a Nerve(2022) Strike a Nerve
64%
Sinner(2001) I Am
55%
Strike a Nerve(2022) A Devil More Damned
45%
Hellelujah(2016) All Saints Day
45%
Hellelujah(2016) By the Blood
45%
Strike a Nerve(2022) Doing Time in Hell
45%
Desensitized(2004) Hate
45%
Drowning Pool(2010) Horns Up
45%
Drowning Pool(2010) King Zero
45%
Resilience(2013) Life of Misery
45%
Sinner(Bonus)(2001) Mask
45%
Strike a Nerve(2022) Racing to a Red Light
45%
Hellelujah(2016) Snake Charmer
45%
Sinner(Bonus)(2001) Soul
45%
Desensitized(2004) Step Up
45%
Full Circle(2007) 37 Stitches
36%
Drowning Pool(2010) Alcohol Blind
36%
Drowning Pool(2010) All About Me
36%
Sinner(2001) All Over Me
36%
Hellelujah(2016) Another Name
36%
Resilience(2013) Anytime Anyplace
36%
Resilience(2013) Bleed with You
36%
Sinner(Bonus)(2001) Break You
36%
Desensitized(2004) Bringing Me Down
36%
Resilience(2013) Broken Again
36%
Sinner(Bonus)(2001) Care Not
36%
Desensitized(2004) Cast Me Aside
36%
Drowning Pool(2010) Children of the Gun
36%
Strike a Nerve(2022) Choke
36%
Resilience(2013) Die for Nothing
36%
Resilience(2013) Digging These Holes
36%
Strike a Nerve(2022) Down in the Dirt
36%
Hellelujah(2016) Drop
36%
Full Circle(2007) Duet
36%
Full Circle(2007) Enemy
36%
Strike a Nerve(2022) Everything But You
36%
Drowning Pool(2010) Feel Like I Do
36%
Sinner(2001) Follow
36%
Desensitized(2004) Forget
36%
Hellelujah(2016) Goddamn Vultures
36%
Strike a Nerve(2022) Hate Against Hate
36%
Hellelujah(2016) Hell to Pay
36%
Sinner(Bonus)(2001) Heroes Sleeping
36%
Desensitized(2004) Killin' Me
36%
Sinner(Bonus)(2001) Less Than Zero
36%
Drowning Pool(2010) Let the Sin Begin
36%
Desensitized(2004) Love and War
36%
Resilience(2013) Low Crawl
36%
Hellelujah(2016) Meet the Bullet
36%
Strike a Nerve(2022) Mind Right
36%
Drowning Pool(2010) More Than Worthless
36%
Sinner(2001) Mute
36%
Hellelujah(2016) My Own Way
36%
Full Circle(2007) No More
36%
Desensitized(2004) Nothingness
36%
Desensitized(2004) Numb
36%
Resilience(2013) One Finger and a Fist
36%
Drowning Pool(2010) Over My Head
36%
Full Circle(2007) Paralyzed
36%
Sinner(2001) Pity
36%
Hellelujah(2016) Push
36%
Full Circle(2007) Reason I'm Alive
36%
Full Circle(2007) Reborn
36%
Drowning Pool(2010) Regret
36%
Sinner(2001) Reminded
36%
Strike a Nerve(2022) Rope
36%
Resilience(2013) Saturday Night
36%
Sinner(2001) Sermon
36%
Full Circle(2007) Shame
36%
Resilience(2013) Skip to the End
36%
Full Circle(2007) Soldiers
36%
Strike a Nerve(2022) Stay and Bleed
36%
Hellelujah(2016) Stomping Ground
36%
Hellelujah(2016) Sympathy Depleted
36%
Desensitized(2004) Think
36%
Desensitized(2004) This Life
36%
Sinner(2001) Told You So
36%
Drowning Pool(2010) Turn So Cold
36%
Resilience(2013) Understand
36%
Full Circle(2007) Upside Down
36%
Hellelujah(2016) We Are the Devil
36%
Drowning Pool(1999) You Made Me
36%
Resilience(Bonus)(2013) Blindfold
27%
Resilience(Bonus)(2013) In Memory Of...
27%
Full Circle(2007) Love X2
27%
Resilience(Bonus)(2013) Apathetic
18%
Resilience(Bonus)(2013) One Way Prophecy
18%
Drowning Pool(1999) Let Me Go
9%
Drowning Pool(1999) Drama
9%
No matching quizzes found
Score Distribution
Percent of People with Each Score
Percentile by Number Answered
Your Score History
You have not taken this quiz